00527nam a2200145Ia 4500008004100000020001800041082001900059100002100078245009600099260003700195300001000232942001200242999001900254952010800273210430s9999 xx 000 0 und d a9780080533827 a622.44 H2331 N aHari Singh Nalwa aHandbook of Surfaces and Interfaces of Materials Vol 3, Five volume set /cHari Singh Nalwa aSan Diego bAcademic Pressc2001 a501p. cBK2ddc c563051d563051 001040708NFICaSCMEbSCMEcGENd0008-02-11l0o622.44 H2331 NpSCME-1940r2021-04-30w2021-04-30yBK